Liverpool 2013/14 Squad - Statistics

General Stats
  • This quiz has been taken 1,804 times
  • The average score is 20 of 39
Answer Stats
Hint Answer % Correct
8 Gerrard
97%
7 Suarez
97%
15 Sturridge
90%
31 Sterling
87%
14 Henderson
86%
22 Mignolet
86%
2 Johnson
84%
10 Coutinho
83%
37 Skrtel
83%
5 Agger
80%
1 Jones
74%
51 Jones
74%
3 Enrique
72%
21 Lucas
69%
38 Flanagan
67%
24 Allen
66%
17 Sakho
64%
4 Toure
63%
9 Aspas
61%
25 Reina
58%
33 Ibe
49%
6 Alberto
44%
29 Borini
42%
12 Moses
39%
34 Kelly
37%
20 Cissokho
34%
30 Suso
33%
16 Coates
30%
47 Wisdom
27%
11 Assaidi
26%
52 Ward
22%
49 Robinson
18%
36 Yesil
17%
35 Coady
15%
26 Llori
14%
50 Morgan
14%
48 Sinclair
11%
45 Sama
8%
43 McLaughlin
7%
No matching quizzes found
Score Distribution
Percent of People with Each Score
Percentile by Number Answered
Your Score History
You have not taken this quiz